| 000 | 02551cam a22005414i 4500 | ||
|---|---|---|---|
| 003 | PE-LiUPU | ||
| 005 | 20250731173050.0 | ||
| 008 | 170719s2017 miu rb 001 0 eng | ||
| 020 | _a0801098319 | ||
| 020 | _a9780801098314 | ||
| 035 | _a(Sirsi) i9780801098314 | ||
| 035 | _a(OCoLC)971350805 | ||
| 040 |
_aDLC _bspa _erda _cDLC _dYDX _dBDX _dOCLCF _dOCLCO _dBUT _dYDX _dOCLCO _dPE-LiUPU |
||
| 049 | _aPRUA | ||
| 050 | 0 | 0 |
_aBV4011.5 _b.T778 2017 |
| 082 | 0 | 0 |
_a241.641 _bT83 _223 |
| 100 | 1 |
_aTrull, Joe E., _eautor. |
|
| 245 | 1 | 0 |
_aEthics for Christian ministry : _bmoral formation for twenty-first-century leaders / _cJoe E. Trull y R. Robert Creech. |
| 264 | 1 |
_aGrand Rapids, Michigan : _bBaker Academic, _c[2017] |
|
| 300 |
_ax, 275 páginas ; _c23 centímetros |
||
| 336 |
_atext _2rdacontent |
||
| 337 |
_aunmediated _2rdamedia |
||
| 338 |
_avolume _2rdacarrier |
||
| 504 | _aBibliografía en el contenido. | ||
| 504 | _aÍndice : páginas 267-275. | ||
| 505 | 0 | _aWalking with integrity: a profession or a calling? -- Being good and doing good: moral formation for ministry -- Looking in the mirror: integrity in your personal life -- Looking at the church: integrity in your ministry -- Looking at fellow ministers: integrity with your colleagues -- Promoting peace and justice: integrity in the community -- Facing clergy sexual abuse: the cost of lost integrity -- Developing a personal code of ethics: a plan for integrity in ministry -- Ministerial code of ethics worksheet -- A procedure for responding to charges of clergy sexual abuse -- Early denominational codes of ethics -- Contemporary denominational codes of ethics -- Sample codes of ethics. | |
| 526 | _aSEG42 | ||
| 526 | _aSEG41 | ||
| 526 | _aSEG40 | ||
| 526 | _aSEG39 | ||
| 526 | _aP94 | ||
| 526 | _aP87 | ||
| 526 | _aP86 | ||
| 526 | _aP85 | ||
| 526 | _aP77 | ||
| 526 | _aP76 | ||
| 526 | _aP35 | ||
| 650 | 0 |
_aClergy _xProfessional ethics. |
|
| 650 | 4 |
_aClero _xÉtica profesional. |
|
| 700 | 1 |
_aCreech, Robert R., _eautor. |
|
| 910 |
_adbm _bebj _cebj _d20180105 |
||
| 942 |
_2ddc _cBOOK |
||
| 949 |
_a241.641 T83 _wDEWEY _c1 _i77868 _lCATALOGING _mBUL _p16.00 _r0 _sY _tBOOK _u2018-01-05 _xPOSGRADO _PP85 _0DONACION _o.STAFF. Colección Teología. |
||
| 994 |
_aC0 _bPEPRU |
||
| 596 | _a1 | ||
| 999 |
_a241.641 T83 _wDEWEY _c26564 _i77868 _f2021-11-10 _g4 _lCCODEBUL1 _mBUL _p16.00 _r0 _sY _tBOOK _u2018-1-5 _xTEOLOGIA _PP85 _0DONACION _o.STAFF. Colección Teología. _d26564 |
||
| 980 |
_81 _gALBERTO SANCHEZ Responsable de Automatización |
||